[Event "Berlin-ch QT"]
[Site "Berlin"]
[Date "2019.04.21"]
[Round "2"]
[White "Kiesewetter, Peter"]
[Black "Gros, Dirk"]
[Result "0-1"]
[WhiteElo "1800"]
[BlackElo "2023"]
[PlyCount "62"]
[EventDate "2019.04.20"]
[EventType "swiss"]
[EventRounds "9"]
[EventCountry "GER"]
[SourceTitle "EXT 2020"]
[Source "ChessBase"]
[SourceDate "2019.10.17"]
[SourceVersion "1"]
[SourceVersionDate "2019.10.17"]
[SourceQuality "1"]

1. d4 d5 2. Bf4 Nf6 3. e3 e6 4. Nd2 Be7 5. h3 b6 6. Ngf3 Bb7 7. c4 0-0 8. Rc1 c5 9. Be2 Nbd7 10. 0-0 cxd4 11. exd4 dxc4 12. Nxc4 Nd5 13. Bd6 N7f6 14. Bxe7 Qxe7 15. Ne3 Rfd8 16. Re1 Qb4 17. Qd2 Rac8 18. Qxb4 Nxb4 19. a3 Nbd5 20. Ne5 Nf4 21. Bf3 Rxc1 22. Rxc1 Bxf3 23. Rc7 Bd5 24. Nxf7 Rd7 25. Rxd7 Nxd7 26. Nxd5 exd5 27. Ne5 Nxe5 28. dxe5 Nd3 29. e6 Nf4 30. Kf1 Nxe6 31. Ke2 Kf7 0-1

[Event "Berlin Lichtenrade op 11th"]
[Site "Berlin"]
[Date "2015.10.24"]
[Round "1"]
[White "Lerch, Philipp"]
[Black "Kiesewetter, Peter"]
[Result "1-0"]
[WhiteElo "2307"]
[BlackElo "1860"]
[PlyCount "145"]
[EventDate "2015.10.24"]
[EventType "swiss"]
[EventRounds "9"]
[EventCountry "GER"]
[SourceTitle "CBM 169 Extra"]
[Source "ChessBase"]
[SourceDate "2015.12.18"]
[SourceVersion "1"]
[SourceVersionDate "2015.12.18"]
[SourceQuality "1"]

1. c4 Nf6 2. g3 e6 3. Bg2 d5 4. Nf3 c6 5. b3 Bd6 6. Bb2 Nbd7 7. d4 0-0 8. Nc3 b6 9. 0-0 Bb7 10. Nd2 Rc8 11. e4 dxe4 12. Ndxe4 Bb8 13. Ba3 Nxe4 14. Bxe4 Re8 15. Qc2 Nf6 16. Rad1 Qc7 17. Bg2 Rcd8 18. Rfe1 Qc8 19. f4 Bd6 20. Bxd6 Rxd6 21. c5 Rd7 22. Ne4 Nxe4 23. Bxe4 h6 24. Kf2 Qd8 25. Ke3 b5 26. Qg2 e5 27. fxe5 Rxe5 28. dxe5 Rxd1 29. Rxd1 Qxd1 30. Qd2 Qg1+ 31. Qf2 Qc1+ 32. Kf3 Qc3+ 33. Qe3 Qa1 34. Qd3 Qh1+ 35. Ke3 Qg1+ 36. Kd2 Qf2+ 37. Kc1 Qxc5+ 38. Kb1 Qe7 39. Qc3 Qd7 40. Kc2 g6 41. Qc5 a5 42. Bd3 Kg7 43. Qc3 Qe6 44. Qxa5 Qxe5 45. Qb6 Qe7 46. a4 b4 47. Qd4+ Kh7 48. a5 c5 49. Qf2 Bd5 50. a6 Qe6 51. Qxc5 Bxb3+ 52. Kb2 Bd5 53. Qxb4 Qf6+ 54. Qc3 Qb6+ 55. Ka3 Qd6+ 56. Ka4 Bc6+ 57. Kb3 Qb8+ 58. Qb4 Qa8 59. Qb6 Bd5+ 60. Kc3 Qc8+ 61. Kd4 Ba8 62. Qf6 Qd7+ 63. Kc5 Qd5+ 64. Kb4 Qd7 65. Bc4 Qd2+ 66. Kb5 Bd5 67. Bxd5 Qxd5+ 68. Kb6 Qb3+ 69. Kc7 Qc4+ 70. Qc6 Qb4 71. a7 Qa5+ 72. Qb6 Qe5+ 73. Kd7 1-0

[Event "Berlin Lichtenberger op 9th"]
[Site "Berlin"]
[Date "2010.08.07"]
[Round "2"]
[White "Heuer, Thomas"]
[Black "Kiesewetter, Peter"]
[Result "1-0"]
[WhiteElo "2152"]
[BlackElo "1887"]
[PlyCount "77"]
[EventDate "2010.08.07"]
[EventType "swiss"]
[EventRounds "9"]
[EventCountry "GER"]
[SourceTitle "CBM 137 Extra"]
[Source "ChessBase"]
[SourceDate "2010.09.01"]
[SourceVersion "1"]
[SourceVersionDate "2010.09.01"]
[SourceQuality "1"]

1. d4 Nf6 2. Nf3 d5 3. c4 c6 4. e3 e6 5. Nc3 Bd6 6. Be2 Nbd7 7. 0-0 0-0 8. Qc2 b6 9. e4 dxe4 10. Nxe4 Nxe4 11. Qxe4 Bb7 12. Bg5 Be7 13. Bd3 g6 14. Qh4 Bxg5 15. Nxg5 Nf6 16. Rad1 Kg7 17. Rfe1 h6 18. Nf3 Qc7 19. Ne5 Rad8 20. Qf4 Qd6 21. Bxg6 fxg6 22. Qg3 g5 23. Qd3 Qe7 24. Qg6+ Kh8 25. Qxh6+ Kg8 26. Ng6 Qg7 27. Qxg7+ Kxg7 28. Nxf8 Kxf8 29. Rxe6 Kf7 30. Rde1 Rd7 31. h3 Kg6 32. Re7 c5 33. d5 a6 34. R1e6 Rxe7 35. Rxe7 Bc8 36. g4 a5 37. b3 Nd7 38. Re8 Bb7 39. Rd8 1-0

[Event "Berlin Lichtenberger op 8th"]
[Site "Berlin"]
[Date "2009.08.22"]
[Round "8"]
[White "Kiesewetter, Peter"]
[Black "Krueger, Stefan"]
[Result "1-0"]
[WhiteElo "1906"]
[BlackElo "1609"]
[PlyCount "73"]
[EventDate "2009.08.15"]
[EventType "swiss"]
[EventRounds "9"]
[EventCountry "GER"]
[SourceTitle "CBM 131 Extra"]
[Source "ChessBase"]
[SourceDate "2009.09.03"]
[SourceVersion "2"]
[SourceVersionDate "2009.09.16"]
[SourceQuality "1"]

1. Nf3 d5 2. d4 e6 3. Bf4 c5 4. c3 Nc6 5. e3 Nf6 6. h3 Bd6 7. Bxd6 Qxd6 8. Bd3 0-0 9. 0-0 b6 10. Nbd2 Bb7 11. Re1 e5 12. dxe5 Nxe5 13. Nxe5 Qxe5 14. Nf3 Qe7 15. Qc2 c4 16. Bf1 b5 17. a3 Ne4 18. Nd4 a6 19. Be2 Bc8 20. Bf3 f5 21. Rad1 Qg5 22. Ne2 Be6 23. Nf4 Bf7 24. Nxd5 Bh5 25. Bxh5 Qxh5 26. Ne7+ Kh8 27. Rd5 Rae8 28. Qxe4 fxe4 29. Rxh5 Rxe7 30. Rd1 Ref7 31. Rd2 g6 32. Re5 Rf5 33. Rxe4 R8f6 34. Re7 h5 35. Rd8+ Rf8 36. Rxf8+ Rxf8 37. Re6 1-0

[Event "Berlin Lichtenberger op 8th"]
[Site "Berlin"]
[Date "2009.08.21"]
[Round "7"]
[White "Bauer, Stefan"]
[Black "Kiesewetter, Peter"]
[Result "0-1"]
[WhiteElo "1773"]
[BlackElo "1906"]
[PlyCount "86"]
[EventDate "2009.08.15"]
[EventType "swiss"]
[EventRounds "9"]
[EventCountry "GER"]
[SourceTitle "CBM 131 Extra"]
[Source "ChessBase"]
[SourceDate "2009.09.03"]
[SourceVersion "2"]
[SourceVersionDate "2009.09.16"]
[SourceQuality "1"]

1. Nf3 Nf6 2. g3 c5 3. Bg2 Nc6 4. e3 d5 5. c3 e5 6. 0-0 Bg4 7. Qa4 Qd7 8. d3 Be7 9. Nbd2 0-0 10. Qc2 Rfe8 11. Ng5 h6 12. Ngf3 Bf8 13. a4 e4 14. Ne1 Be2 15. d4 Bxf1 16. Bxf1 cxd4 17. cxd4 Rac8 18. Qb1 Qf5 19. h3 Nh7 20. f3 Qg5 21. Kf2 Qf6 22. f4 Nxd4 23. b4 Nf5 24. Bb2 Qb6 25. Ng2 Bxb4 26. Qd1 Bc5 27. Rb1 Bxe3+ 28. Nxe3 Qxe3+ 29. Kg2 Qxg3+ 30. Kh1 Qf2 31. Bg2 Qxg2+ 32. Kxg2 Ne3+ 33. Kg3 Nxd1 34. Rxd1 Nf8 35. f5 g6 36. Kf4 gxf5 37. Kxf5 Rc6 38. Nb3 Rb6 39. Rg1+ Ng6 40. Rg3 e3 41. Nc5 Rxb2 42. Nd7 Rf2+ 43. Kg4 Re4+ 0-1

[Event "Berlin Lichtenberger op 8th"]
[Site "Berlin"]
[Date "2009.08.20"]
[Round "6"]
[White "Kiesewetter, Peter"]
[Black "Engelhardt, Erhard"]
[Result "0-1"]
[WhiteElo "1906"]
[BlackElo "1818"]
[PlyCount "70"]
[EventDate "2009.08.15"]
[EventType "swiss"]
[EventRounds "9"]
[EventCountry "GER"]
[SourceTitle "CBM 131 Extra"]
[Source "ChessBase"]
[SourceDate "2009.09.03"]
[SourceVersion "2"]
[SourceVersionDate "2009.09.16"]
[SourceQuality "1"]

1. Nf3 b6 2. d4 Bb7 3. Bf4 e6 4. e3 f5 5. Be2 Nf6 6. h3 Be7 7. 0-0 0-0 8. c4 d6 9. Nc3 Ne4 10. Nxe4 fxe4 11. Nd2 Rf6 12. Qc2 Na6 13. Nxe4 Bxe4 14. Qxe4 c5 15. Bg5 d5 16. Qh4 Rf7 17. Bxe7 Rxe7 18. cxd5 Nc7 19. dxe6 Qd6 20. Rfd1 Qxe6 21. d5 Qd6 22. e4 Rae8 23. f3 Rf8 24. Bd3 g6 25. Rac1 Ne8 26. Bc4 Kg7 27. a3 Re5 28. Qg3 Qf6 29. Ba2 Rg5 30. Qh4 Rxg2+ 31. Kxg2 Qxh4 32. d6 Qg5+ 33. Kf2 Nxd6 34. Rxd6 Qxc1 35. Rd7+ Kh6 0-1

[Event "Berlin Lichtenberger op 8th"]
[Site "Berlin"]
[Date "2009.08.18"]
[Round "4"]
[White "Kiesewetter, Peter"]
[Black "Voeller, Lothar"]
[Result "1-0"]
[WhiteElo "1906"]
[BlackElo "1509"]
[PlyCount "75"]
[EventDate "2009.08.15"]
[EventType "swiss"]
[EventRounds "9"]
[EventCountry "GER"]
[SourceTitle "CBM 131 Extra"]
[Source "ChessBase"]
[SourceDate "2009.09.03"]
[SourceVersion "2"]
[SourceVersionDate "2009.09.16"]
[SourceQuality "1"]

1. Nf3 d6 2. d4 g6 3. Bf4 Bg7 4. e3 Nf6 5. Bc4 0-0 6. h3 Nc6 7. Nbd2 Re8 8. 0-0 h6 9. c3 e5 10. Bh2 e4 11. Ne1 d5 12. Bb5 a6 13. Be2 Ne7 14. c4 c6 15. f3 Nf5 16. Nc2 exf3 17. Rxf3 Nh4 18. Rf2 Nf5 19. Be5 Be6 20. cxd5 cxd5 21. Rc1 Nd7 22. Bxg7 Kxg7 23. Bd3 Qh4 24. Rf4 Qe7 25. b3 Rac8 26. e4 dxe4 27. Bxe4 Qd6 28. Rf2 Nxd4 29. Bxb7 Rxc2 30. Rxc2 Nxc2 31. Qxc2 Qb6 32. Bc6 Rd8 33. Qc3+ Kg8 34. Bxd7 Rxd7 35. Qb2 Qe3 36. Nf1 Rd1 37. Kh2 Bd5 38. Nxe3 1-0

[Event "Berlin Lichtenberger op 8th"]
[Site "Berlin"]
[Date "2009.08.15"]
[Round "1"]
[White "Kachibadze, Georg"]
[Black "Kiesewetter, Peter"]
[Result "1-0"]
[WhiteElo "2224"]
[BlackElo "1906"]
[PlyCount "67"]
[EventDate "2009.08.15"]
[EventType "swiss"]
[EventRounds "9"]
[EventCountry "GER"]
[SourceTitle "CBM 131 Extra"]
[Source "ChessBase"]
[SourceDate "2009.09.03"]
[SourceVersion "2"]
[SourceVersionDate "2009.09.16"]
[SourceQuality "1"]

1. e4 c5 2. Nf3 e6 3. d4 cxd4 4. Nxd4 Nf6 5. Bd3 Nc6 6. Nxc6 bxc6 7. 0-0 d6 8. f4 Qc7 9. c4 c5 10. Nc3 a6 11. Qe1 Bb7 12. e5 Nd7 13. exd6 Bxd6 14. Ne4 0-0-0 15. Bd2 Qc6 16. Qe2 Nf6 17. Ng5 Qd7 18. Rad1 h6 19. Nf3 Qc6 20. Ba5 Bc7 21. Ne5 Qe8 22. Bxc7 Kxc7 23. b4 Qe7 24. b5 a5 25. Qd2 Kb6 26. Nc6 Bxc6 27. bxc6 Qc7 28. Qb2+ Ka7 29. Qa3 Qxc6 30. Rb1 Ka6 31. Rb5 Qc7 32. Rfb1 Rd6 33. Qb3 Rhd8 34. Rxa5+ 1-0

[Event "Berlin Lichtenrade op 04th"]
[Site "Berlin"]
[Date "2008.10.26"]
[Round "9"]
[White "Witte, Ronald"]
[Black "Kiesewetter, Peter"]
[Result "1-0"]
[WhiteElo "2057"]
[BlackElo "1886"]
[PlyCount "81"]
[EventDate "2008.10.18"]
[EventType "swiss"]
[EventRounds "9"]
[EventCountry "GER"]
[SourceTitle "CBM 126 Extra"]
[Source "ChessBase"]
[SourceDate "2008.11.05"]
[SourceVersion "1"]
[SourceVersionDate "2008.11.05"]
[SourceQuality "1"]

1. d4 Nf6 2. c4 c5 3. d5 b5 4. Nf3 bxc4 5. Nc3 d6 6. e4 Nbd7 7. Bxc4 g6 8. h3 Bg7 9. 0-0 0-0 10. Re1 Ne8 11. Bg5 h6 12. Bf4 Rb8 13. Qd2 Kh7 14. Rad1 Nb6 15. Bf1 Bd7 16. e5 Na4 17. Nxa4 Bxa4 18. b3 Bb5 19. Bxb5 Rxb5 20. h4 a5 21. h5 Qb8 22. e6 g5 23. exf7 Rxf7 24. Qd3+ Kg8 25. Bxg5 hxg5 26. Nxg5 Nf6 27. Nxf7 Kxf7 28. Qg6+ Kf8 29. Rxe7 Kxe7 30. Qxg7+ Kd8 31. Qxf6+ Kc7 32. Re1 a4 33. Re7+ Kb6 34. Rd7 axb3 35. Qxd6+ Qxd6 36. Rxd6+ Kb7 37. axb3 Rxb3 38. Rc6 Rb5 39. h6 c4 40. Rxc4 Rxd5 41. Rh4 1-0

[Event "Berlin Unicorn op"]
[Site "Berlin"]
[Date "2008.05.03"]
[Round "5"]
[White "Syre, Christian"]
[Black "Kiesewetter, Peter"]
[Result "1-0"]
[WhiteElo "2279"]
[BlackElo "1883"]
[PlyCount "55"]
[EventDate "2008.04.30"]
[EventType "swiss"]
[EventRounds "7"]
[EventCountry "GER"]
[SourceTitle "CBM 124 Extra"]
[Source "ChessBase"]
[SourceDate "2008.07.03"]
[SourceVersion "1"]
[SourceVersionDate "2008.07.03"]
[SourceQuality "1"]

1. e4 c5 2. d3 Nc6 3. Nf3 g6 4. g3 Bg7 5. Bg2 d6 6. 0-0 Bg4 7. h3 Bxf3 8. Qxf3 Nd4 9. Qd1 Nf6 10. e5 dxe5 11. Bxb7 Rb8 12. Bg2 0-0 13. Nd2 Ne8 14. Re1 Nd6 15. c3 Ne6 16. Nf3 f6 17. h4 Nf7 18. Qa4 Qc7 19. Qc4 Rb6 20. h5 Rd8 21. hxg6 hxg6 22. Nh4 Nf8 23. b4 Rbd6 24. Be3 g5 25. Nf5 Rxd3 26. Bxc5 e6 27. Ne7+ Kh7 28. Be4+ 1-0

[Event "Berlin Unicorn op"]
[Site "Berlin"]
[Date "2008.05.02"]
[Round "4"]
[White "Kiesewetter, Peter"]
[Black "Lutz, Oliver"]
[Result "1-0"]
[WhiteElo "1883"]
[BlackElo "2212"]
[PlyCount "49"]
[EventDate "2008.04.30"]
[EventType "swiss"]
[EventRounds "7"]
[EventCountry "GER"]
[SourceTitle "CBM 124 Extra"]
[Source "ChessBase"]
[SourceDate "2008.07.03"]
[SourceVersion "1"]
[SourceVersionDate "2008.07.03"]
[SourceQuality "1"]

1. Nf3 d5 2. d4 Nf6 3. Bf4 Bf5 4. e3 e6 5. h3 h6 6. c4 c6 7. Qb3 Qc8 8. Nc3 Nbd7 9. Be2 Be7 10. 0-0 0-0 11. Rac1 Ne4 12. cxd5 Nxc3 13. Rxc3 exd5 14. Rfc1 Nf6 15. Ne5 Ne4 16. R3c2 g5 17. Bh2 Nxf2 18. Kxf2 Bxc2 19. Qxc2 Bd6 20. Kg1 Qe6 21. Rf1 Bxe5 22. Bxe5 f6 23. Qg6+ Kh8 24. Bd3 Rf7 25. Rxf6 1-0

[Event "Berlin op 04"]
[Site "Berlin"]
[Date "2004.04.18"]
[Round "9"]
[White "Reiche, Andreas"]
[Black "Kiesewetter, Peter"]
[Result "1/2-1/2"]
[WhiteElo "1925"]
[BlackElo "1757"]
[PlyCount "78"]
[EventDate "2004.04.10"]
[EventType "swiss"]
[EventRounds "9"]
[EventCountry "GER"]
[SourceTitle "EXT 2007"]
[Source "ChessBase"]
[SourceDate "2006.11.23"]
[SourceVersion "1"]
[SourceVersionDate "2006.11.23"]
[SourceQuality "1"]

1. e4 c5 2. Nf3 e6 3. Be2 d5 4. exd5 exd5 5. d4 Nf6 6. 0-0 Nc6 7. c4 Be7 8. cxd5 Nxd5 9. dxc5 Bxc5 10. Qc2 Be7 11. Rd1 Be6 12. Nc3 Qa5 13. Nxd5 Bxd5 14. Bd2 Qc5 15. Qxc5 Bxc5 16. Bc3 0-0-0 17. Bxg7 Rhg8 18. Rac1 Bxf2+ 19. Kxf2 Rxg7 20. a3 Kb8 21. Rc5 Be4 22. Rxd8+ Nxd8 23. g3 Ne6 24. Rc3 Rg8 25. Ne5 Bg6 26. Nd7+ Ka8 27. Bf3 Ng5 28. Nf6 Rd8 29. Bg2 Kb8 30. Ke3 a5 31. Rc5 Ne6 32. Rxa5 Rd1 33. Rb5 Rd3+ 34. Kf2 Rd2+ 35. Kg1 Rd1+ 36. Kf2 Rd2+ 37. Kg1 Rd1+ 38. Kf2 Rd2+ 39. Kg1 Rd1+ 1/2-1/2

[Event "Berlin Eckbauer op 5th"]
[Site "Berlin"]
[Date "2002.11.11"]
[Round "6"]
[White "Bruening, Wolfgang"]
[Black "Kiesewetter, Peter"]
[Result "1/2-1/2"]
[WhiteElo "1937"]
[BlackElo "1748"]
[PlyCount "58"]
[EventDate "2002.10.??"]
[EventType "swiss"]
[EventRounds "7"]
[EventCountry "GER"]
[SourceTitle "EXT 2005"]
[Source "ChessBase"]
[SourceDate "2004.11.15"]
[SourceVersion "1"]
[SourceVersionDate "2004.11.15"]
[SourceQuality "1"]

1. d4 Nf6 2. c4 c5 3. Nf3 g6 4. Nc3 cxd4 5. Nxd4 b6 6. e4 d6 7. g3 Bb7 8. Bg2 Bg7 9. 0-0 Qd7 10. b3 Nc6 11. Bb2 0-0 12. Nxc6 Bxc6 13. e5 Ne8 14. Bxc6 Qxc6 15. Nd5 Qb7 16. exd6 Nxd6 17. Bxg7 Kxg7 18. Re1 Nf5 19. g4 e6 20. gxf5 exd5 21. f6+ Kxf6 22. Qd4+ Kg5 23. Re5+ Kh6 24. cxd5 Rad8 25. Rae1 Rd7 26. R1e3 f6 27. Qb4 Kg7 28. Re7+ Rf7 29. Rxf7+ Kxf7 1/2-1/2

[Event "Berlin Eckbauer op 5th"]
[Site "Berlin"]
[Date "2002.10.28"]
[Round "4"]
[White "Krawatzki, Armin"]
[Black "Kiesewetter, Peter"]
[Result "0-1"]
[WhiteElo "1426"]
[BlackElo "1748"]
[PlyCount "73"]
[EventDate "2002.10.??"]
[EventType "swiss"]
[EventRounds "7"]
[EventCountry "GER"]
[SourceTitle "EXT 2005"]
[Source "ChessBase"]
[SourceDate "2004.11.15"]
[SourceVersion "1"]
[SourceVersionDate "2004.11.15"]
[SourceQuality "1"]

1. e4 e6 2. Nf3 d5 3. exd5 exd5 4. d4 Bd6 5. Be2 Ne7 6. 0-0 0-0 7. Nc3 Bf5 8. Bg5 f6 9. Be3 Nbc6 10. Bd3 Qd7 11. Nb5 Rfe8 12. Nxd6 Qxd6 13. c3 Bxd3 14. Qxd3 Ng6 15. Rfe1 Re4 16. Re2 Rae8 17. Rae1 Qe6 18. Kf1 Nd8 19. Bd2 Nf7 20. b3 Nd6 21. Be3 Qg4 22. h3 Qh5 23. Nd2 R4e6 24. c4 Nh4 25. Bf4 Rxe2 26. Rxe2 Rxe2 27. Qxe2 Qxe2+ 28. Kxe2 Nxg2 29. Bxd6 cxd6 30. cxd5 Nf4+ 31. Kf3 Nxh3 32. Ne4 Ng5+ 33. Nxg5 fxg5 34. Kg4 h6 35. Kf5 Kf7 36. f4 gxf4 37. Kxf4 0-1

[Event "Berlin Eckbauer op 5th"]
[Site "Berlin"]
[Date "2002.10.14"]
[Round "2"]
[White "Schmidt, Michael3333"]
[Black "Kiesewetter, Peter"]
[Result "1/2-1/2"]
[WhiteElo "1553"]
[BlackElo "1748"]
[PlyCount "50"]
[EventDate "2002.10.??"]
[EventType "swiss"]
[EventRounds "7"]
[EventCountry "GER"]
[SourceTitle "EXT 2005"]
[Source "ChessBase"]
[SourceDate "2004.11.15"]
[SourceVersion "1"]
[SourceVersionDate "2004.11.15"]
[SourceQuality "1"]

1. e4 e6 2. d4 d5 3. Nc3 dxe4 4. Nxe4 Bd7 5. Bd3 Bc6 6. Nf3 Nd7 7. Qe2 Ngf6 8. Nfg5 h6 9. Nf3 Be7 10. Bd2 Nxe4 11. Bxe4 Bxe4 12. Qxe4 c6 13. 0-0-0 Nb6 14. Rhe1 Qd5 15. Kb1 Qxe4 16. Rxe4 0-0 17. Rde1 Bf6 18. c3 a5 19. Ne5 Bxe5 20. dxe5 Rfd8 21. Be3 Nd5 22. Bc5 b5 23. c4 bxc4 24. Rxc4 Nb4 25. Bxb4 axb4 1/2-1/2